000 00781nam a22002057a 4500
999 _c178492
_d178492
005 20210401122441.0
010 _aB-738687
020 _a9788123760421
_c60.00
035 _aB-738687
037 _bGift
082 _a338.6340954
100 _aParikh, Geetanjali
245 _aHistory of khadi /
_cby Geetanjali Parikh
260 _aNew Delhi
_bNational Book Trust
_c2011
270 _aNehru Bhawan, 5 Institutional Area, Phase-II, Vasant Kunj
_bNew Delhi
_e110070
300 _aviii, 90p.:
_bill.
_c21cm(pbk)
500 _aincludes bibliographical references
942 _2ddc
_cEN
_h338.6340954
_mPAR